Personnages Disney/Pixar en images - J - Statistiques

Statistiques générales
  • Ce quiz a été pris 558 fois
  • Le résultat moyen est 11 sur 20
Statistiques - réponses
Par images Réponse % Correct
Jasmine
98%
Joie
96%
Jack Skellington
89%
Jane Porter
88%
Joyeux
88%
Javotte
78%
Jiminy Cricket
77%
Jessie
75%
John Smith
73%
Judy Hopps
71%
Jean Darling
68%
Jaq
36%
Jasper
35%
Joe Gardner
26%
James
23%
Julieta Madrigal
18%
Jock
16%
José Carioca
14%
Jennifer Foxworth
11%
Jaeger Clade
3%
Aucun quiz correspondant
Distribution des résultats
% des personnes avec chaque résultat
Percentile par nombre de réponses
Votre historique - résultats
Vous n’avez pas pris ce quiz